Statistics for Who has more NFL career receiving yards?

Click here to take the quiz!

General Stats

  • This quiz has been taken 26 times
    (17 since last reset)
  • The average score is 6 of 25

Answer Stats

QuestionAnswer% Correct
Who has the most receiving yards?Tony Gonzalez
63%
Who has the most receiving yards?Jimmy Graham
56%
Who has the most receiving yards?Mike Evans
56%
Who has the most receiving yards?Demaryius Thomas
50%
Who has the most receiving yards?Desean Jackson
44%
Who has the most receiving yards?Lance Alworth
44%
Who has the most receiving yards?Chad Johnson
38%
Who has the most receiving yards?Davante Adams
38%
Who has the most receiving yards?Travis Kelce
38%
Who has the most receiving yards?Keyshawn Johnson
31%
Who has the most receiving yards?Jason Witten
25%
Who has the most receiving yards?Otis Taylor
25%
Who has the most receiving yards?Reggie Wayne
25%
Who has the most receiving yards?Don Maynard
19%
Who has the most receiving yards?Anquan Boldin
13%
Who has the most receiving yards?Golden Tate
13%
Who has the most receiving yards?Irving Fryar
13%
Who has the most receiving yards?Rod Smith
13%
Who has the most receiving yards?T.Y. Hilton
13%
Who has the most receiving yards?Brandin Cooks
6%
Who has the most receiving yards?Eric Moulds
6%
Who has the most receiving yards?Henry Ellard
6%
Who has the most receiving yards?Herman Moore
6%
Who has the most receiving yards?James Lofton
6%
Who has the most receiving yards?Andre Rison
0%

Score Distribution

Percentile by Number Answered

Percent of People with Each Score

Your Score History

You have not taken this quiz since the last reset